Autour des 100 plus grandes villes de France - Statistiques

Statistiques générales
  • Ce quiz a été pris 389 fois
    79 depuis la dernière actualisation
  • Le résultat moyen est 17 sur 20
Statistiques - réponses
Une des 100 plus grandes communes de France qui... Ville % Correct
est située dans la région Bretagne Rennes | Brest | Quimper | Lorient
99%
est située dans le Grand Est Strasbourg | Reims | Metz | Mulhouse | Nancy | Colmar | Troyes
99%
a un nom commençant par "Saint" Saint-Etienne | Saint-Denis | Saint-Paul | Saint-Pierre | Saint-Maur-des-Fossés | Saint-Nazaire
97%
est située dans la métropole de Lyon (hors Lyon) Vénissieux | Villeurbanne
96%
a un A pour initiale Aix-en-Provence | Ajaccio | Amiens | Angers | Annecy | Antibes | Antony | Argenteuil | Asnières-sur-Seine | Aubervilliers | Aulnay-sous-Bois | Avignon
94%
est située dans le Pas-de-Calais Calais
93%
contient un Y Lyon | Nancy | Annecy | Vitry-sur-Seine | Aulnay-sous-Bois | Champigny-sur-Marne | Drancy | Noisy-le-Grand | Issy-les-Moulineaux | Cergy | Evry-Courcouronnes | Clichy | Ivry-sur-Seine | Cayenne | Antony | Troyes | La Seyne-sur-Mer | Chambéry | Neuilly-sur-Seine
93%
a un nom de 4 ou 5 lettres se terminant par une voyelle Nice | Lille | Nancy | Cergy
88%
a pour initiale D Dijon | Drancy | Dunkerque
87%
se termine par une consonne mais pas un S et classée avant la 26e place Lyon | Montpellier | Strasbourg | Bordeaux | Toulon | Dijon | Clermont-Ferrand | Brest
87%
compte entre 300000 et 500000 habitants Nantes | Nice | Montpellier
87%
est située dans un département dont le nom commence par une voyelle Nice | Rennes | Grenoble | Tours | Versailles | Cannes | Antibes | Evry-Courcouronnes | Troyes | Beauvais
87%
est sous-préfecture Reims | Lorient | Sarcelles | Antony | Saint-Nazaire | Calais | Béziers | Cherbourg | Saint-Pierre | Dunkerque | Saint-Paul | Mulhouse | Argenteuil | Saint-Denis | Boulogne-Billancourt | Brest | Aix-en-Provence | Le Havre
84%
a un nom en trois mots Aix-en-Provence | Vitry-sur-Seine | Asnières-sur-Seine | Aulnay-sous-Bois | Champigny-sur-Marne | Fort-de-France | Issy-les-Moulineaux | Noisy-le-Grand | Ivry-sur-Seine | Clichy-la-Garenne | Villeneuve-d'Ascq | Neuilly-sur-Seine | Le Blanc-Mesnil
82%
contient "Seine" dans son nom Asnières-sur-Seine | Ivry-sur-Seine | Neuilly-sur-Seine | Vitry-sur-Seine
82%
est en PACA et n'est ni préfecture ni sous-préfecture Cannes | Antibes | La Seyne-sur-Mer
76%
est dans les Hauts-de-France et n'est ni préfecture ni sous-préfecture Roubaix | Tourcoing | Villeneuve-d'Ascq
75%
contient "oy" ou "ay" Troyes | Cayenne | Aulnay-sous-Bois
71%
contient le mot "ville" Villeurbanne | Villeneuve-d'Ascq
69%
a un nom contenant plus de voyelles que de consonnes Toulouse | Rouen | Roubaix | Aulnay-sous-Bois | Courbevoie | Pau | Saint-Nazaire | Ajaccio | Issy-les-Moulineaux | Beauvais
63%
Aucun quiz correspondant
Distribution des résultats
% des personnes avec chaque résultat
Percentile par nombre de réponses
Votre historique - résultats
Vous n’avez pas pris ce quiz depuis la dernière actualisation